| 000 | 02471nam a2200325 i 4500 | ||
|---|---|---|---|
| 001 | 196344 | ||
| 003 | SpMaBN | ||
| 005 | 20250716063355.0 | ||
| 007 | t| | ||
| 008 | 240917|2024 xx |||||||||||||| ||spa|| | ||
| 017 |
_aM 16656-2024 _bOficina Depósito Legal Madrid |
||
| 020 | _a9788410670693 | ||
| 040 |
_aSpMaBN _bspa _cSpMaBN _erda _dES-MaACL |
||
| 100 | 1 |
_994278 _aPuig-Samper, Miguel Ángel _eaut |
|
| 245 | 1 | 0 |
_aMiradas coloniales : _bfotografía antropológica y colonialismo visual / _cMiguel Ángel Puig-Samper ; prólogo de Rafael Sagredo Baeza. |
| 260 |
_aMadrid : _bLos Libros de la Catarata, _c2024. |
||
| 300 |
_a205 páginas ; _b15 cm |
||
| 336 |
_2rdacontent _atexto |
||
| 337 |
_2rdamedia _asin mediación |
||
| 338 |
_2rdacarrier _avolumen |
||
| 520 | _aEsta obra es el resultado de una investigación profunda que reúne un centenar de fotografías, de estudio y documentales, sobre la mirada colonialista. Todas las imágenes corresponden a una época en que una parte de la humanidad, la occidental, violentaba y exhibía a la otra parte, cosificándola, considerándola bárbara o atrasada. El colonialismo y el imperialismo que los europeos y estadounidenses practicaron a lo largo del siglo XIX y comienzos del XX calificaron de “diferentes” o “salvajes” a los dominados, una caracterización que legitimaba la apropiación de sus territorios y la explotación de sus recursos, además de su sometimiento; en definitiva, para los dominadores los pueblos colonizados eran culturas inferiores, destinadas a desaparecer por el “avance de la civilización”. Las fotografías que incluye este volumen documentan el proceso de construcción del “otro” a través de una supuesta objetividad impuesta por los “mediadores”; una mirada occidental que, como señala el autor, está “marcada por una visión supremacista hacia lo que se consideraba exótico, bárbaro, feo, atrasado, pobre y salvaje”. | ||
| 700 |
_9237345 _aSagredo Baeza, Rafael, _d1959- _eaui |
||
| 852 |
_aES-MaACL _cDEPOJ _jN-10114 _gDedicatoria autógrafa del autor _hDonación: Miguel Ángel Puig-Samper _xEncuadernación rústica _9206233 |
||
| 903 |
_994278 _aPuig-Samper, Miguel Ángel _ednr |
||
| 942 |
_cMONOGRAFIA _n0 |
||
| 999 |
_c196344 _d196344 |
||